Statistics for FIGURE OUT THE LYRICS OF THIS CHRISTMAS SONG #2

Click here to take the quiz!

General Stats

  • This quiz has been taken 485 times
  • The average score is 77 of 115

Answer Stats

Answer% Correct
a
94%
Christmas
93%
the
91%
You
87%
you
87%
it
79%
to
78%
and
77%
in
76%
All
74%
all
74%
Santa
74%
do
73%
of
70%
so
70%
Eve
68%
your
68%
nose
67%
reindeer
67%
Rudolph
67%
if
67%
red
66%
they
66%
know
66%
one
66%
my
65%
say
65%
had
65%
him
64%
go
64%
sleigh
64%
with
64%
very
63%
Then
63%
shiny
63%
saw
62%
ever
62%
other
62%
let
62%
would
61%
Dancer
61%
bright
61%
laugh
61%
nosed
61%
call
60%
But
60%
tonight
60%
Prancer
60%
came
60%
Dasher
60%
games
60%
won't
59%
foggy
59%
used
59%
any
59%
poor
59%
names
59%
never
58%
even
58%
out
58%
guide
57%
Vixen
57%
Cupid
57%
join
57%
Donner
57%
glows
57%
Blitzen
56%
most
56%
Comet
56%
loved
55%
down
55%
famous
54%
you'll
54%
history
54%
glee
53%
shouted
52%
recall
50%
as
48%

Score Distribution

Percentile by Number Answered

Percent of People with Each Score

Your Score History

You have not taken this quiz